| 000 | 00465nam a2200157 4500 | ||
|---|---|---|---|
| 001 | 140486 | ||
| 003 | ES-MaACL | ||
| 005 | 20230906200104.0 | ||
| 007 | t| | ||
| 008 | 070214s1930 gw r ||||1| ger d | ||
| 100 | 1 |
_aSeidel, Ina. _9105243 |
|
| 245 | 1 | 0 |
_aDas Wunschkind _b: roman / _cIna Seidel. |
| 260 |
_aLeipzig : _bIm Insel-Verlag, _c1930 ( _eStuttgart : _fDruck der Deutschen Austral) |
||
| 300 |
_a2 v. ; _c20 cm. |
||
| 852 |
_aES-MaACL _jF-15598-99 _bR.19931 |
||
| 999 |
_c140486 _d140486 |
||